| 000 | 00711nam a2200169 a 4500 | ||
|---|---|---|---|
| 001 | 000028690 | ||
| 005 | 20200930055059.0 | ||
| 008 | 110411s1992 gw 000 0 spa d | ||
| 040 |
_aDO-SdBNP _bspa _cBNPHU |
||
| 082 |
_axxx _bZ72f |
||
| 100 | 1 |
_aZimmerling, Ruth _d1953- _955669 |
|
| 245 | 1 | 0 |
_aEl futuro de América Latina en el mercado mundial : _bintegración regional versus integración en el mercado mundial / _cRuth Zimmerling. |
| 260 |
_aBonn, Alemania : _bFriedrich Ebert Stiftung, _c[1992]. |
||
| 300 |
_a24 p. ; _c21 cm. |
||
| 500 | _aInforme sobre la Conferencia Internacional realizada 24 y 25 de marzo de 1992 en Francfort del Meno en cooperacion con la Ciudadde Francfort del Meno | ||
| 049 | _aBNPD | ||
| 999 |
_c28182 _d28182 |
||